书目信息 |
| 题名: |
平凡的真理
|
|
| 作者: | 冯定 著 | |
| 分册: | ||
| 出版信息: | 北京 中国青年出版社 1980 |
|
| 页数: | 378页 | |
| 开本: | 21cm | |
| 丛书名: | ||
| 单 册: | ||
| 中图分类: | B023.3 , B2 | |
| 科图分类: | ||
| 主题词: | 真理观 , 哲学--中国 | |
| 电子资源: | ||
| ISBN: | ||
| 000 | 00608nam0 2200253 45 | |
| 001 | 1132531402 | |
| 005 | 20110928090445.23 | |
| 010 | @dCNY1.50(精装) | |
| 091 | @aCN@b2009.6 | |
| 100 | @a19950306d1980 em y0chiy0121 ea | |
| 101 | 0 | @achi |
| 102 | @aCN@b110000 | |
| 105 | @ay z 000yy | |
| 200 | 10 | @a平凡的真理@Aping fan de zhen li@f冯定著 |
| 210 | @a北京@c中国青年出版社@d1980 | |
| 215 | @a378页@d21cm | |
| 606 | 0 | @a真理观 |
| 606 | 0 | @a哲学@x中国 |
| 690 | @aB023.3@v3 | |
| 690 | @aB2@v4 | |
| 701 | 0 | @a冯定@Afeng ding@4著 |
| 801 | 0 | @aCN@bTSSF |
| 801 | 2 | @aCN@bNLC |
| 905 | @a10447@dB2@eJY36 | |
| 平凡的真理/冯定著.-北京:中国青年出版社,1980 |
| 378页;21cm |
| ISBN :CNY1.50(精装) |
| ● |
| 相关链接 |
|
|
|
|
正题名:平凡的真理
索取号:B2/JY36
 
预约/预借
| 序号 | 登录号 | 条形码 | 馆藏地/架位号 | 状态 | 备注 |
| 1 | 7824438 | 278244384 | 学院路分馆/ [索取号:B2/JY36] | 在馆 | |
| 2 | 7824439 | 278244393 | 学院路分馆/ [索取号:B2/JY36] | 在馆 | |
| 3 | 7824440 | 278244400 | 学院路分馆/ [索取号:B2/JY36] | 在馆 | |
| 4 | 7824441 | 278244419 | 学院路分馆/ [索取号:B2/JY36] | 在馆 |